Khám xúng phi tai (Lời tiễn hồn người chết lên trời) của người Thái Trắng ở Lai Châu Q.2 Khám xúng phi tai (Lời tiễn hồn người chết lên trời) của người Thái Trắng ở Lai Châu
Giới thiệu những văn bản lời ca trong nghi lễ tiễn đưa linh hồn người chết lên trời của người Thái trắng ở Lai Châu gắn với nghi thức: đánh thức linh hồn, phá khuôn mẫu của mụ, vào áo quan, dâng rượu, trình dâng mâm cỗ trâu...(bản tiếng Việt)...
Uloženo v:
| Hlavní autor: | |
|---|---|
| Médium: | Kniha |
| Jazyk: | Vietnamese |
| Vydáno: |
H.
Văn hoá Thông tin
2014
|
| Témata: | |
| Tagy: |
Přidat tag
Žádné tagy, Buďte první, kdo otaguje tento záznam!
|
| Thư viện lưu trữ: | Mạng thư viện Đại học Đà Nẵng |
|---|
| LEADER | 02070aam a22004338a 4500 | ||
|---|---|---|---|
| 001 | 000020940 | ||
| 003 | 17387 | ||
| 005 | 20150401110422.0 | ||
| 008 | 150330s2014 viesd | ||
| 020 | |d 2000b | ||
| 041 | 0 | |a vie | |
| 082 | 0 | 4 | |2 23 |a 398.808995919 |b ĐÔ-T |
| 100 | 1 | |a Đỗ Thị Tấc | |
| 245 | 1 | 0 | |a Khám xúng phi tai (Lời tiễn hồn người chết lên trời) của người Thái Trắng ở Lai Châu |c Đỗ Thị Tấc |n Q.2 |p Khám xúng phi tai (Lời tiễn hồn người chết lên trời) của người Thái Trắng ở Lai Châu |
| 260 | |a H. |b Văn hoá Thông tin |c 2014 | ||
| 300 | |a 559 tr. |c 21 cm. | ||
| 500 | |a ĐTTS ghi: Hội Văn nghệ dân gian Việt Nam | ||
| 504 | |a Thư mục tr.551-559 | ||
| 520 | |a Giới thiệu những văn bản lời ca trong nghi lễ tiễn đưa linh hồn người chết lên trời của người Thái trắng ở Lai Châu gắn với nghi thức: đánh thức linh hồn, phá khuôn mẫu của mụ, vào áo quan, dâng rượu, trình dâng mâm cỗ trâu...(bản tiếng Việt) | ||
| 650 | 0 | 4 | |2 Bộ TK TVQG |a Văn học dân gian |x Dân tộc Thái |x Tang lễ |z Lai Châu |
| 650 | 7 | |2 Bộ TK TVQG | |
| 650 | 7 | |2 Bộ TK TVQG | |
| 651 | 7 | |2 Bộ TK TVQG |a Lai Châu | |
| 653 | |a Văn bản lời ca | ||
| 653 | |a Tiễn hồn | ||
| 653 | |a Người Thái Trắng | ||
| 653 | |a Tang lễ | ||
| 653 | |a Văn học dân gian | ||
| 773 | |d Văn hóa thông tin |d H. |d 2014 |t Khám xúng phi tai (Lời tiễn hồn người chết lên trời) của người Thái Trắng ở Lai Châu |w 17383 | ||
| OWN | |a LSP | ||
| AVA | |a UDN50 |b LSP |d 398.808995919 ĐÔ-T |e available |t Error 5001 Not defined in file expand_doc_bib_avail. |f 1 |g 0 |h N |i 0 |k 1 | ||
| 999 | |a From the UDN01 | ||
| AVA | |a UDN50 |b LSP |d 398.808995919 ĐÔ-T |e available |t Error 5001 Not defined in file expand_doc_bib_avail. |f 1 |g 0 |h N |i 0 |k 1 | ||
| TYP | |a Monograph | ||
| TYP | |a Printed language | ||
| 980 | |a Mạng thư viện Đại học Đà Nẵng | ||